Les 50 plus grosses ventes de Chelsea - Statistiques

Statistiques générales
  • Ce quiz a été pris 44 fois
  • Le résultat moyen est 21 sur 51
Statistiques - réponses
Classement Saison Montant du transfert Club acheteur Joueurs % Correct
1 2019/2020 121M€ Real Madrid Eden Hazard
100%
2 2023/2024 75M€ Arsenal Kai Havertz
92%
4 2016/2017 60M€ Shanghai Port FC Oscar
92%
6 2025/2026 56M€ Arsenal Noni Madueke
78%
3 2023/2024 68M€ Manchester United Mason Mount
72%
7 2014/2015 49,5M€ Paris Saint-Germain David Luiz
69%
36 2013/2014 22M€ Wolfsburg Kevin De Bruyne
64%
14 2014/2015 35,3M€ Everton Romelu Lukaku
64%
22 2024/2025 30M€ Naples Romelu Lukaku
64%
- 2025/2026 30M€ Al-Nassr João Félix
58%
- 2020/2021 35M€ Atlético Madrid Alvaro Morata
56%
13 2025/2026 37M€ AC Milan Christopher Nkunku
56%
11 2024/2025 42M€ Atlético Madrid Conor Gallagher
56%
8 2013/2014 45M€ Manchester United Juan Mata
56%
24 2023/2024 29,1M€ Manchester City Mateo Kovacic
56%
12 2021/2022 41M€ AS Rome Tammy Abraham
56%
- 2018/2019 35M€ Real Madrid Thibaut Courtois
53%
- 2017/2018 60M€ Atlético Madrid Diego Costa
50%
27 2025/2026 28,65M€ Everton Kiernan Dewsbury-Hall
50%
37 2023/2024 21M€ AC Milan Christian Pulisic
47%
20 2024/2025 33M€ Newcastle Lewis Hall
47%
41 2023/2024 19M€ AC Milan Ruben Loftus-Cheek
47%
- 2021/2022 35,3M€ AC Milan Fikayo Tomori
44%
- 2016/2017 15M€ AS Rome Mohamed Salah
42%
10 2024/2025 44,5M€ Aston Villa Ian Maatsen
39%
- 2022/2023 20M€ RB Leipzig Timo Werner
39%
42 2023/2024 18,5M€ Al-Ahli Edouard Mendy
36%
32 2023/2024 23M€ Al-Hilal Kalidou Koulibaly
36%
16 2007/2008 35M€ Real Madrid Arjen Robben
33%
- 2021/2022 35M€ West Ham Kurt Zouma
33%
26 2025/2026 28,7M€ Burnley Lesley Ugochukwu
33%
44 2015/2016 16M€ Atlético Madrid Filipe Luis
31%
35 2017/2018 22,8M€ Bournemouth Nathan Aké
31%
- 2017/2018 45M€ Manchester United Nemanja Matic
31%
- 2025/2026 23M€ Burnley Armando Broja
28%
25 2025/2026 29M€ Bournemouth Djordje Petrovic
28%
- 2025/2026 14,5M€ RC Strasbourg Mathis Amougou
28%
29 2025/2026 24,5M€ Villarreal Renato Veiga
28%
31 2021/2022 23,3M€ Crystal Palace Marc Guéhi
25%
28 2015/2016 28M€ Jiangsu Suning Ramires
25%
21 2014/2015 32M€ Wolfsburg André Schürrle
22%
30 2024/2025 23,5M€ Ipswich Town Omari Hutchinson
22%
- 2025/2026 20M€ Borussia Dortmund Carney Chukwuemeka
19%
- 2012/2013 15M€ Liverpool Daniel Sturridge
19%
- 2024/2025 23M€ Al-Nassr Ângelo Gabriel
17%
46 2022/2023 15,4M€ West Ham Emerson Palmieri
14%
38 2017/2018 20M€ Juventus Juan Cuadrado
14%
50 2020/2021 14,5M€ Atalanta Bergame Mario Pasalic
11%
45 2006/2007 15,5M€ Newcastle Damien Duff
6%
47 2011/2012 15M€ Anzhi Makhachkala Yuri Zhirkov
6%
43 2000/2001 18M€ Glasgow Rangers Tore André Flo
3%
Aucun quiz correspondant
Distribution des résultats
% des personnes avec chaque résultat
Percentile par nombre de réponses
Votre historique - résultats
Vous n’avez pas pris ce quiz